[Event "Candidates Tournament (Women)"]
[Site "Toronto"]
[Date "2024.04.15"]
[Round "10"]
[White "Goryachkina, Aleksandra"]
[Black "Lei, Tingjie"]
[Result "0-1"]
[WhiteElo "2553"]
[BlackElo "2550"]
[PlyCount "130"]
[EventDate "2024.04.04"]
[EventType "tourn"]
[EventRounds "14"]
[EventCountry "CAN"]
[EventCategory "11"]
[SourceTitle "CB17_2024"]
[SourceDate "2024.04.24"]
[SourceVersion "1"]
[SourceVersionDate "2024.04.24"]
[SourceQuality "1"]

1. d4 Nf6 2. c4 c6 3. Nc3 d5 4. cxd5 cxd5 5. Bf4 Nc6 6. e3 Bf5 7. Bb5 e6 8. Nf3 Nd7 9. 0-0 Rc8 10. Ne5 Ndxe5 11. Bxe5 a6 12. Bxc6+ Rxc6 13. Rc1 f6 14. Bg3 Be7 15. Na4 Rxc1 16. Qxc1 Kf7 17. Qc3 h5 18. h3 h4 19. Bh2 Qd7 20. Nb6 Qb5 21. Qc7 Qxb2 22. Bd6 Re8 23. Rc1 Kg6 24. Bxe7 Rxe7 25. Qc5 Kh6 26. a4 a5 27. Nc8 Rd7 28. Qc3 Qb4 29. Qc5 Kh7 30. Qa7 Qd2 31. Qc5 Bd3 32. Nb6 Rd6 33. Qxd6 Qxc1+ 34. Kh2 Bf5 35. Nd7 Qc2 36. Nf8+ Kh6 37. f3 Qf2 38. Qf4+ g5 39. Qc7 Qg3+ 40. Qxg3 hxg3+ 41. Kxg3 e5 42. e4 dxe4 43. fxe4 Bc8 44. d5 Kg7 45. Ne6+ Kf7 46. Kf2 b6 47. g3 Bd7 48. h4 gxh4 49. gxh4 Bxa4 50. h5 Bb5 51. Ke3 a4 52. h6 Kg6 53. Kd2 Kxh6 54. d6 Kh5 55. Nf8 Kg5 56. d7 Bxd7 57. Nxd7 a3 58. Kc2 b5 59. Kb3 b4 60. Ka2 f5 61. Nxe5 Kf4 62. Nd3+ Kxe4 63. Nxb4 f4 64. Na6 f3 65. Nc5+ Ke3 0-1

[Event "Candidates Tournament (Women)"]
[Site "Toronto"]
[Date "2024.04.14"]
[Round "9"]
[White "Muzychuk, Anna"]
[Black "Goryachkina, Aleksandra"]
[Result "1/2-1/2"]
[WhiteElo "2520"]
[BlackElo "2553"]
[PlyCount "89"]
[EventDate "2024.04.04"]
[EventType "tourn"]
[EventRounds "14"]
[EventCountry "CAN"]
[EventCategory "11"]
[SourceTitle "CB17_2024"]
[SourceDate "2024.04.24"]
[SourceVersion "1"]
[SourceVersionDate "2024.04.24"]
[SourceQuality "1"]

1. e4 e5 2. Nf3 Nc6 3. Bb5 Nf6 4. 0-0 Nxe4 5. Re1 Nd6 6. Nxe5 Be7 7. Bf1 Nxe5 8. Rxe5 0-0 9. d4 Bf6 10. Re1 Re8 11. Nc3 Rxe1 12. Qxe1 Bxd4 13. Bf4 Ne8 14. Nd5 d6 15. Bg5 f6 16. Be3 Be5 17. f4 Bxb2 18. Rb1 Ba3 19. Qa5 Be6 20. Bc4 c6 21. Qxd8 Rxd8 22. Nxf6+ Kf7 23. Bxe6+ Kxf6 24. Bg8 Bc5 25. Bxc5 dxc5 26. Bxh7 Nd6 27. g4 g6 28. Re1 Nf7 29. g5+ Kg7 30. Re7 Rf8 31. Rxb7 Kxh7 32. Rxa7 Kg8 33. Rc7 Ra8 34. Rxc6 Kg7 35. Rxc5 Nd6 36. Rc7+ Kf8 37. Kf2 Rxa2 38. Kf3 Ra3+ 39. c3 Nb5 40. Rc8+ Kf7 41. Kg4 Rxc3 42. Rxc3 Nxc3 43. f5 Nd5 44. fxg6+ Kxg6 45. h4 1/2-1/2

[Event "Candidates Tournament (Women)"]
[Site "Toronto"]
[Date "2024.04.10"]
[Round "6"]
[White "Salimova, Nurgyul"]
[Black "Goryachkina, Aleksandra"]
[Result "0-1"]
[WhiteElo "2432"]
[BlackElo "2553"]
[PlyCount "120"]
[EventDate "2024.04.04"]
[EventType "tourn"]
[EventRounds "14"]
[EventCountry "CAN"]
[EventCategory "11"]
[SourceTitle "CB17_2024"]
[SourceDate "2024.04.24"]
[SourceVersion "1"]
[SourceVersionDate "2024.04.24"]
[SourceQuality "1"]

1. d4 d5 2. c4 e6 3. Nf3 Nf6 4. g3 Be7 5. Bg2 0-0 6. 0-0 dxc4 7. Qc2 a6 8. a4 Bd7 9. Qxc4 Bc6 10. Bg5 Nbd7 11. Bxf6 Nxf6 12. Nc3 Qd6 13. Rac1 Rfd8 14. Rfd1 Rac8 15. e3 Bd5 16. Nxd5 exd5 17. Qb3 Rb8 18. Ne5 c6 19. Bh3 Qc7 20. Nd3 Bd6 21. Qc2 a5 22. Bg2 Re8 23. Nc5 g6 24. Rb1 Qe7 25. Rdc1 h5 26. Qe2 h4 27. b4 axb4 28. a5 hxg3 29. hxg3 Ra8 30. Rxb4 Bxc5 31. dxc5 Rxa5 32. Qb2 Rxc5 33. Rxc5 Qxc5 34. Rxb7 Qd6 35. Qb6 Ng4 36. Qc7 Qf6 37. Qf4 Qxf4 38. gxf4 Ra8 39. Bf3 Ra1+ 40. Kg2 Nf6 41. Rb6 Rc1 42. Kg3 Kg7 43. Kh4 Rc2 44. Kg3 Kf8 45. Rb1 Ke7 46. Rb7+ Ke6 47. Bg2 Nh5+ 48. Kf3 f5 49. Bh3 Nf6 50. Rg7 Ne4 51. Rxg6+ Kf7 52. Rg2 Kf6 53. Rh2 c5 54. Bf1 c4 55. Be2 Rd2 56. Rh6+ Ke7 57. Rh7+ Kd6 58. Rh6+ Kc5 59. Rh5 c3 60. Rxf5 c2 0-1

[Event "Titled Tuesday intern op 12th Mar Late"]
[Site "Chess.com INT"]
[Date "2024.03.12"]
[Round "9"]
[White "Dobre, Claudiu Cristian"]
[Black "Goryachkina, Aleksandra"]
[Result "1/2-1/2"]
[WhiteElo "2259"]
[BlackElo "2553"]
[PlyCount "93"]
[EventDate "2024.03.12"]
[EventType "swiss (blitz)"]
[EventRounds "11"]
[EventCountry "USA"]
[SourceTitle "CB12_2024"]
[SourceDate "2023.10.01"]
[SourceVersion "1"]
[SourceVersionDate "2023.10.01"]
[SourceQuality "1"]

1. d4 Nf6 2. Nf3 e6 3. Bg5 h6 4. Bh4 c5 5. c3 Nc6 6. e3 d5 7. Nbd2 cxd4 8. exd4 Bd6 9. Bd3 Qc7 10. Qe2 Nh5 11. Bg3 Nf4 12. Bxf4 Bxf4 13. 0-0 0-0 14. Rae1 Bd6 15. Ne5 f6 16. Ng6 Re8 17. Qh5 Bd7 18. Re3 Ne7 19. f4 Nxg6 20. Qxg6 Bxf4 21. Ref3 Bxh2+ 22. Kh1 f5 23. g3 Re7 24. Qh5 Bxg3 25. Rg1 Bf4 26. Qh4 Bg5 27. Rxg5 hxg5 28. Qxg5 Rf7 29. Rh3 Rf6 30. Nf3 Be8 31. Ne5 Qd8 32. Qg3 Rc8 33. Rh2 Rc7 34. Kg1 Qe7 35. Kf1 b5 36. a3 a5 37. Rg2 b4 38. axb4 axb4 39. c4 Ra7 40. Ke2 Ra2 41. Kd1 Ra1+ 42. Kc2 Ba4+ 43. Kd2 Ra2 44. Kc1 Ra1+ 45. Kd2 Ra2 46. Kc1 Ra1+ 47. Kd2 1/2-1/2

[Event "Titled Tuesday intern op 12th Mar Early"]
[Site "Chess.com INT"]
[Date "2024.03.12"]
[Round "8"]
[White "Goryachkina, Aleksandra"]
[Black "Herman, Matthew J"]
[Result "1/2-1/2"]
[WhiteElo "2553"]
[BlackElo "2383"]
[PlyCount "118"]
[EventDate "2024.03.12"]
[EventType "swiss (blitz)"]
[EventRounds "11"]
[EventCountry "USA"]
[SourceTitle "CB12_2024"]
[SourceDate "2023.10.01"]
[SourceVersion "1"]
[SourceVersionDate "2023.10.01"]
[SourceQuality "1"]

1. e4 e5 2. Nf3 Nc6 3. Nc3 Nf6 4. Bb5 Bb4 5. 0-0 Bxc3 6. bxc3 d6 7. d4 Bd7 8. Ba3 a6 9. Bxc6 Bxc6 10. dxe5 Nxe4 11. exd6 cxd6 12. Nd4 0-0 13. Nxc6 bxc6 14. Qd3 Re8 15. Rad1 Qf6 16. c4 Rad8 17. Bb4 d5 18. Ba5 Rd7 19. f3 Ng5 20. cxd5 cxd5 21. Rfe1 Rxe1+ 22. Rxe1 Ne6 23. Rb1 g6 24. Bd2 Kg7 25. Be3 d4 26. Bf2 Nf4 27. Qf1 d3 28. cxd3 Nxd3 29. Rd1 Qc3 30. Be3 Rd5 31. h3 a5 32. Kh1 a4 33. Bg1 a3 34. Qe2 Nf4 35. Qf1 Rxd1 36. Qxd1 Qd3 37. Qxd3 Nxd3 38. Bd4+ f6 39. Kg1 Kf7 40. Kf1 Ke6 41. Ke2 Nc1+ 42. Kd2 Nxa2 43. Bc5 Kd5 44. Bxa3 Kc4 45. Kc2 Nc3 46. Bb2 Nd5 47. Bc1 f5 48. Kd2 Kd4 49. Ke2 Ke5 50. Bb2+ Ke6 51. Kf2 h5 52. Bc1 Kf6 53. g4 hxg4 54. hxg4 fxg4 55. fxg4 g5 56. Kf3 Kg6 57. Bxg5 Kxg5 58. Ke4 Nf6+ 59. Kd4 Nxg4 1/2-1/2

[Event "Titled Tuesday intern op 12th Mar Early"]
[Site "Chess.com INT"]
[Date "2024.03.12"]
[Round "9"]
[White "Minko, Dmitry"]
[Black "Goryachkina, Aleksandra"]
[Result "0-1"]
[WhiteElo "2247"]
[BlackElo "2553"]
[PlyCount "86"]
[EventDate "2024.03.12"]
[EventType "swiss (blitz)"]
[EventRounds "11"]
[EventCountry "USA"]
[SourceTitle "CB12_2024"]
[SourceDate "2023.10.01"]
[SourceVersion "1"]
[SourceVersionDate "2023.10.01"]
[SourceQuality "1"]

1. e4 c6 2. d4 d5 3. exd5 cxd5 4. Bd3 Nc6 5. c3 Nf6 6. Bf4 g6 7. h3 Bf5 8. Be2 e6 9. Nf3 h5 10. 0-0 Bd6 11. Bg5 Be7 12. Nbd2 Ne4 13. Bxe7 Qxe7 14. Nxe4 Bxe4 15. Nd2 Bf5 16. Re1 h4 17. Bf3 Rd8 18. Nf1 0-0 19. Qd2 Kg7 20. Nh2 Qf6 21. Ng4 Bxg4 22. Bxg4 e5 23. dxe5 Nxe5 24. Qd4 Nxg4 25. Qxg4 d4 26. cxd4 Rxd4 27. Qe2 Rfd8 28. b3 Rd2 29. Qe3 a6 30. Rac1 Rxa2 31. Rc4 Ra1 32. Rxa1 Qxa1+ 33. Kh2 Qf6 34. Qf4 Qxf4+ 35. Rxf4 Rd3 36. Rb4 b5 37. Kg1 Rd1+ 38. Kh2 Rb1 39. g3 Rb2 40. Kg2 hxg3 41. Kxg3 Rc2 42. Kf3 Rc3+ 43. Kg4 f5+ 0-1

[Event "Titled Tuesday intern op 12th Mar Early"]
[Site "Chess.com INT"]
[Date "2024.03.12"]
[Round "4"]
[White "Turzo, Attila"]
[Black "Goryachkina, Aleksandra"]
[Result "1/2-1/2"]
[WhiteElo "2279"]
[BlackElo "2553"]
[PlyCount "86"]
[EventDate "2024.03.12"]
[EventType "swiss (blitz)"]
[EventRounds "11"]
[EventCountry "USA"]
[SourceTitle "CB12_2024"]
[SourceDate "2023.10.01"]
[SourceVersion "1"]
[SourceVersionDate "2023.10.01"]
[SourceQuality "1"]

1. d4 Nf6 2. Bf4 g6 3. Nf3 Bg7 4. c3 0-0 5. Nbd2 d6 6. e4 Nbd7 7. h3 Qe8 8. Be2 e5 9. dxe5 dxe5 10. Be3 Nh5 11. 0-0 Nf4 12. Bc4 h6 13. a4 g5 14. Re1 a5 15. Bf1 Qe7 16. g3 Ng6 17. Bg2 Nf6 18. Qc2 g4 19. hxg4 Nxg4 20. Nf1 Be6 21. N3h2 h5 22. Nxg4 hxg4 23. Rad1 Rfd8 24. Rxd8+ Rxd8 25. Rd1 b6 26. Rxd8+ Qxd8 27. Nd2 Bf6 28. Bf1 Bg5 29. Bxg5 Qxg5 30. Bc4 Nf8 31. Bxe6 Nxe6 32. Nc4 Qh5 33. Qd1 Ng5 34. Ne3 Nf3+ 35. Kf1 Kh7 36. Ke2 Qg6 37. Nf5 Qe6 38. Qh1+ Kg8 39. Qh6 Qc4+ 40. Ke3 Qc5+ 41. Ke2 Qc4+ 42. Ke3 Qc5+ 43. Ke2 Qc4+ 1/2-1/2

[Event "Titled Tuesday intern op 27th Feb Late"]
[Site "Chess.com INT"]
[Date "2024.02.27"]
[Round "5"]
[White "Galaktionov, Artem"]
[Black "Goryachkina, Aleksandra"]
[Result "1-0"]
[WhiteElo "2305"]
[BlackElo "2553"]
[PlyCount "109"]
[EventDate "2024.02.27"]
[EventType "swiss (blitz)"]
[EventRounds "11"]
[EventCountry "USA"]
[SourceTitle "CB10_2024"]
[SourceDate "2024.03.06"]
[SourceVersion "1"]
[SourceVersionDate "2024.03.06"]
[SourceQuality "1"]

1. d4 Nf6 2. Nf3 d5 3. c4 e6 4. Nc3 Nbd7 5. Bf4 dxc4 6. e3 Bd6 7. Bxd6 cxd6 8. Bxc4 Nb6 9. Bd3 Bd7 10. 0-0 0-0 11. e4 Bc6 12. Qe2 h6 13. Rac1 Rc8 14. h3 Re8 15. Rfd1 Qe7 16. e5 dxe5 17. dxe5 Nfd7 18. Ne4 Bxe4 19. Qxe4 Nf8 20. Nd4 a6 21. Nb3 Nd5 22. a3 Red8 23. Rxc8 Rxc8 24. Bc4 Nb6 25. Be2 Ng6 26. Bf3 Nd5 27. Qd4 Rd8 28. g3 Qc7 29. Re1 Ndf4 30. Qe4 Nxh3+ 31. Kg2 Ng5 32. Qxb7 Qc2 33. Re2 Qf5 34. Rd2 Rxd2 35. Nxd2 Nxe5 36. Be2 a5 37. Qa8+ Kh7 38. Qxa5 Qh3+ 39. Kg1 Ng4 40. Bxg4 Qxg4 41. Qc3 Qd1+ 42. Kg2 Qe2 43. Qe3 Qd1 44. b4 f5 45. Nf3 Ne4 46. b5 Qb1 47. b6 Qb5 48. Ng1 Qd5 49. Nf3 Ng5 50. a4 Qb7 51. a5 e5 52. Qe2 f4 53. gxf4 exf4 54. Qd3+ g6 55. Qc3 1-0

[Event "Titled Tuesday intern op 27th Feb Late"]
[Site "Chess.com INT"]
[Date "2024.02.27"]
[Round "2"]
[White "Suarez Uriel, Adrian"]
[Black "Goryachkina, Aleksandra"]
[Result "1-0"]
[WhiteElo "2404"]
[BlackElo "2553"]
[PlyCount "69"]
[EventDate "2024.02.27"]
[EventType "swiss (blitz)"]
[EventRounds "11"]
[EventCountry "USA"]
[SourceTitle "CB10_2024"]
[SourceDate "2024.03.06"]
[SourceVersion "1"]
[SourceVersionDate "2024.03.06"]
[SourceQuality "1"]

1. e4 c5 2. Nf3 e6 3. b3 Nc6 4. Bb2 d6 5. d4 cxd4 6. Nxd4 Nf6 7. Nc3 e5 8. Nxc6 bxc6 9. Bc4 Be6 10. Qe2 Be7 11. 0-0-0 0-0 12. f3 a5 13. a4 Nd7 14. Bxe6 fxe6 15. Qc4 Rf6 16. Qxc6 Rc8 17. Qb5 Rg6 18. g3 Rf6 19. Rhf1 Nc5 20. Kb1 Qc7 21. Qe2 Rf7 22. f4 exf4 23. gxf4 Rcf8 24. f5 Qc6 25. fxe6 Nxe6 26. Nd5 Bg5 27. Rxf7 Rxf7 28. h4 Bh6 29. Qg4 Nf4 30. Nxf4 Bxf4 31. Bxg7 Rxg7 32. Qxf4 Rg2 33. Rd2 Rg1+ 34. Kb2 Qc5 35. Qxd6 1-0

[Event "Titled Tuesday intern op 27th Feb Late"]
[Site "Chess.com INT"]
[Date "2024.02.27"]
[Round "9"]
[White "Yang, Kevin S"]
[Black "Goryachkina, Aleksandra"]
[Result "0-1"]
[WhiteElo "2096"]
[BlackElo "2553"]
[PlyCount "66"]
[EventDate "2024.02.27"]
[EventType "swiss (blitz)"]
[EventRounds "11"]
[EventCountry "USA"]
[SourceTitle "CB10_2024"]
[SourceDate "2024.03.06"]
[SourceVersion "1"]
[SourceVersionDate "2024.03.06"]
[SourceQuality "1"]

1. d4 Nf6 2. c4 e6 3. Nc3 Bb4 4. g3 0-0 5. Bg2 c5 6. Nf3 cxd4 7. Nxd4 Nc6 8. 0-0 a6 9. Bg5 h6 10. Bf4 Re8 11. Nxc6 dxc6 12. Qxd8 Rxd8 13. Rfd1 Re8 14. Be5 Ng4 15. Bc7 Bc5 16. e3 e5 17. Na4 Ba7 18. Nb6 Bxb6 19. Bxb6 Be6 20. b3 Nf6 21. Bc7 Bf5 22. h3 h5 23. Rd2 Rac8 24. Ba5 Ne4 25. Bxe4 Bxe4 26. Rd7 b5 27. c5 Bf5 28. Ra7 Bxh3 29. Rxa6 Bg4 30. Ra7 Bf3 31. Bc3 Re6 32. a4 h4 33. gxh4 Rce8 0-1

[Event "Titled Tuesday intern op 13th Feb Early"]
[Site "Chess.com INT"]
[Date "2024.02.13"]
[Round "10"]
[White "Goryachkina, Aleksandra"]
[Black "Mahdavi, Reza"]
[Result "0-1"]
[WhiteElo "2553"]
[BlackElo "2312"]
[PlyCount "76"]
[EventDate "2024.02.13"]
[EventType "swiss (blitz)"]
[EventRounds "11"]
[EventCountry "USA"]
[SourceTitle "CB08_2024"]
[SourceDate "2024.02.21"]
[SourceVersion "1"]
[SourceVersionDate "2024.02.21"]
[SourceQuality "1"]

1. e4 e5 2. Nf3 Nc6 3. d4 exd4 4. Nxd4 Nf6 5. Nxc6 bxc6 6. Nd2 d5 7. exd5 Qxd5 8. Qf3 Bd6 9. Qxd5 cxd5 10. Bb5+ Bd7 11. Bxd7+ Kxd7 12. 0-0 Rhe8 13. Nf3 c5 14. Bd2 Ne4 15. Rad1 Kc6 16. Bc1 Rad8 17. Rfe1 f6 18. Kf1 Bc7 19. h3 d4 20. Nd2 f5 21. Nc4 g5 22. Rd3 g4 23. h4 Re6 24. g3 Rde8 25. Kg2 Nxg3 26. Rxe6+ Rxe6 27. Rxg3 Re2 28. Bd2 h5 29. b3 f4 30. Rd3 f3+ 31. Kf1 Bd8 32. Bg5 Bxg5 33. hxg5 h4 34. Kg1 Kd5 35. g6 Ke6 36. Rd2 Kf6 37. Kh2 g3+ 38. Kg1 Re1# 0-1

[Event "Titled Tuesday intern op 13th Feb Late"]
[Site "Chess.com INT"]
[Date "2024.02.13"]
[Round "3"]
[White "Karas, Marek"]
[Black "Goryachkina, Aleksandra"]
[Result "0-1"]
[WhiteElo "2228"]
[BlackElo "2553"]
[PlyCount "104"]
[EventDate "2024.02.13"]
[EventType "swiss (blitz)"]
[EventRounds "11"]
[EventCountry "USA"]
[SourceTitle "CB08_2024"]
[SourceDate "2024.02.21"]
[SourceVersion "1"]
[SourceVersionDate "2024.02.21"]
[SourceQuality "1"]

1. d4 Nf6 2. Nf3 d5 3. c4 e6 4. Nc3 c5 5. cxd5 Nxd5 6. e4 Nxc3 7. bxc3 cxd4 8. cxd4 Bb4+ 9. Bd2 Bxd2+ 10. Qxd2 0-0 11. Bc4 Nd7 12. 0-0 b6 13. Rfe1 Bb7 14. Rad1 Nf6 15. Qf4 Rc8 16. Bb3 Qc7 17. Qh4 h6 18. d5 exd5 19. e5 Ne4 20. Bxd5 Bxd5 21. Rxd5 Nc3 22. Rd2 Rfd8 23. Rc2 b5 24. h3 a5 25. Nd4 Qc4 26. Nf5 Qxh4 27. Nxh4 b4 28. Nf5 Kf8 29. Nd6 Rc6 30. f4 g6 31. Nb5 Ke7 32. Nxc3 Rxc3 33. Rxc3 bxc3 34. Rc1 Rd3 35. Kf2 Ke6 36. Ke2 Rd2+ 37. Kf3 c2 38. g4 g5 39. Kg3 Kd5 40. h4 gxf4+ 41. Kxf4 Kd4 42. g5 hxg5+ 43. Kxg5 Kxe5 44. h5 Rg2+ 45. Kh4 Kd4 46. h6 Kc3 47. Rh1 Rg8 48. Kh5 Kb2 49. Rh2 Kb1 50. h7 Rh8 51. Rxc2 Kxc2 52. Kh6 Rxh7+ 0-1

[Event "Titled Tuesday intern op 13th Feb Early"]
[Site "Chess.com INT"]
[Date "2024.02.13"]
[Round "4"]
[White "Moskvin, Anatoly"]
[Black "Goryachkina, Aleksandra"]
[Result "0-1"]
[WhiteElo "2192"]
[BlackElo "2553"]
[PlyCount "56"]
[EventDate "2024.02.13"]
[EventType "swiss (blitz)"]
[EventRounds "11"]
[EventCountry "USA"]
[SourceTitle "CB08_2024"]
[SourceDate "2024.02.21"]
[SourceVersion "1"]
[SourceVersionDate "2024.02.21"]
[SourceQuality "1"]

1. e4 c5 2. Nf3 e6 3. b4 b6 4. bxc5 bxc5 5. Nc3 Nc6 6. Rb1 Nf6 7. Bb5 Nd4 8. e5 Nxb5 9. Nxb5 Nd5 10. 0-0 Be7 11. c4 Nb6 12. Qc2 0-0 13. Nd6 Bxd6 14. exd6 Bb7 15. Rb3 f6 16. Ba3 Qc8 17. Qd3 Bxf3 18. Qxf3 Nxc4 19. Rc1 Nxd2 20. Qg3 Nxb3 21. axb3 Qb7 22. h4 Rab8 23. Rc3 Qd5 24. Kh2 Qe5 25. Qxe5 fxe5 26. Bxc5 a5 27. f3 Rfc8 28. Bd4 exd4 0-1

[Event "Titled Tuesday intern op 13th Feb Early"]
[Site "Chess.com INT"]
[Date "2024.02.13"]
[Round "2"]
[White "Nakamura, Hikaru"]
[Black "Goryachkina, Aleksandra"]
[Result "1-0"]
[WhiteElo "2788"]
[BlackElo "2553"]
[PlyCount "97"]
[EventDate "2024.02.13"]
[EventType "swiss (blitz)"]
[EventRounds "11"]
[EventCountry "USA"]
[SourceTitle "CB08_2024"]
[SourceDate "2024.02.21"]
[SourceVersion "1"]
[SourceVersionDate "2024.02.21"]
[SourceQuality "1"]

1. Nf3 d5 2. g3 g6 3. Bg2 Bg7 4. d3 e5 5. 0-0 Ne7 6. c4 c6 7. Nc3 0-0 8. Qb3 h6 9. Bd2 Kh7 10. Rfd1 d4 11. Na4 Nd7 12. e3 dxe3 13. Bxe3 Nf5 14. Bd2 Nd4 15. Nxd4 exd4 16. Re1 Ne5 17. Bf4 Re8 18. Bxe5 Rxe5 19. Rxe5 Bxe5 20. Re1 Bg7 21. Qb4 Bf8 22. Qd2 Bf5 23. b3 Rc8 24. Be4 Bh3 25. b4 Qf6 26. Bg2 Bf5 27. c5 Kg7 28. Nb2 b6 29. cxb6 axb6 30. a3 b5 31. Rc1 c5 32. a4 bxa4 33. b5 Qb6 34. Nxa4 Qxb5 35. Nb2 Be6 36. h4 Rb8 37. Nc4 Bxc4 38. Rxc4 Qb1+ 39. Rc1 Qb2 40. Rc2 Qb1+ 41. Kh2 Bd6 42. Rc1 Qb2 43. Rc2 Qb1 44. Qe2 Re8 45. Be4 f5 46. Rb2 Qc1 47. Rb7+ Kf6 48. Qa2 Re7 49. Rb6 1-0

[Event "Titled Tuesday intern op 06th Feb Late"]
[Site "Chess.com INT"]
[Date "2024.02.06"]
[Round "9"]
[White "Goryachkina, Aleksandra"]
[Black "Chayka, Vitaliy"]
[Result "1-0"]
[WhiteElo "2553"]
[BlackElo "2102"]
[PlyCount "113"]
[EventDate "2024.02.06"]
[EventType "swiss (blitz)"]
[EventRounds "11"]
[EventCountry "USA"]
[SourceTitle "CB07_2024"]
[SourceDate "2024.02.14"]
[SourceVersion "1"]
[SourceVersionDate "2024.02.14"]
[SourceQuality "1"]

1. e4 d6 2. d4 Nf6 3. Nc3 e5 4. Nf3 Nbd7 5. Bc4 Be7 6. 0-0 0-0 7. a4 a5 8. Ba2 c6 9. Re1 exd4 10. Nxd4 Nc5 11. h3 Be6 12. Nxe6 fxe6 13. Be3 d5 14. exd5 exd5 15. Bd4 Bd6 16. Qe2 Qd7 17. Rad1 Rae8 18. Qd2 Nfe4 19. Nxe4 Nxe4 20. Qxa5 Ra8 21. Bxd5+ Kh8 22. Qxa8 Rxa8 23. Bxe4 Qc7 24. b3 Rd8 25. Be3 Be5 26. Rxd8+ Qxd8 27. Bd3 Bc3 28. Rd1 g6 29. Be2 Qe7 30. Bg4 h5 31. Bf3 Be5 32. a5 Bd6 33. a6 bxa6 34. Bxc6 Kh7 35. Bf4 Bxf4 36. Rd7 Qxd7 37. Bxd7 Kg7 38. g3 Bd6 39. Kg2 g5 40. Kf3 Kf6 41. Be8 h4 42. gxh4 gxh4 43. Kg4 Bc5 44. f4 Bf2 45. Bd7 a5 46. Bb5 Be1 47. Bd3 Bf2 48. Kf3 Bc5 49. Ke4 Bb4 50. f5 Be1 51. Kd5 Bc3 52. Kc4 Be1 53. c3 Ke5 54. b4 axb4 55. cxb4 Bf2 56. Kb5 Bd4 57. Kc6 1-0

[Event "Titled Tuesday intern op 06th Feb Early"]
[Site "Chess.com INT"]
[Date "2024.02.06"]
[Round "6"]
[White "Goryachkina, Aleksandra"]
[Black "Grochal, Joey"]
[Result "1/2-1/2"]
[WhiteElo "2553"]
[BlackElo "2255"]
[PlyCount "52"]
[EventDate "2024.02.06"]
[EventType "swiss (blitz)"]
[EventRounds "11"]
[EventCountry "USA"]
[SourceTitle "CB07_2024"]
[SourceDate "2024.02.14"]
[SourceVersion "1"]
[SourceVersionDate "2024.02.14"]
[SourceQuality "1"]

1. e4 e5 2. Nf3 Nc6 3. d4 exd4 4. Nxd4 Bc5 5. Be3 Qf6 6. c3 Nge7 7. Bc4 Ne5 8. Be2 d6 9. 0-0 Qg6 10. Kh1 Ng4 11. Bxg4 Bxg4 12. f3 Bd7 13. Nd2 0-0 14. b4 Bb6 15. a4 c6 16. a5 Bc7 17. Bf4 f5 18. exf5 Nxf5 19. Nxf5 Bxf5 20. Bg3 Rae8 21. Re1 Bc2 22. Qc1 h6 23. Nc4 Bb3 24. Nd2 Bc2 25. Nc4 Bd3 26. Nd2 Bc2 1/2-1/2

[Event "Titled Tuesday intern op 06th Feb Early"]
[Site "Chess.com INT"]
[Date "2024.02.06"]
[Round "11"]
[White "Lerch, Johannes"]
[Black "Goryachkina, Aleksandra"]
[Result "1/2-1/2"]
[WhiteElo "2264"]
[BlackElo "2553"]
[PlyCount "67"]
[EventDate "2024.02.06"]
[EventType "swiss (blitz)"]
[EventRounds "11"]
[EventCountry "USA"]
[SourceTitle "CB07_2024"]
[SourceDate "2024.02.14"]
[SourceVersion "1"]
[SourceVersionDate "2024.02.14"]
[SourceQuality "1"]

1. e4 e6 2. d4 d5 3. exd5 exd5 4. Nf3 Nc6 5. c3 Bd6 6. Bd3 Nge7 7. 0-0 0-0 8. Bg5 f6 9. Bh4 Kh8 10. Bg3 Bg4 11. Nbd2 b6 12. Re1 Nf5 13. Bxd6 Qxd6 14. h3 Bxf3 15. Qxf3 Nfe7 16. Qh5 f5 17. Nf3 Qg6 18. Qxg6 Nxg6 19. Bb5 Rf6 20. Re2 Na5 21. Rae1 h6 22. b4 Nc4 23. Bxc4 dxc4 24. Re8+ Rxe8 25. Rxe8+ Kh7 26. Ne5 Nf4 27. Kf1 Nd5 28. Rc8 b5 29. Nd7 Ra6 30. Nf8+ Kg8 31. Ng6+ Kh7 32. Nf8+ Kg8 33. Ng6+ Kh7 34. Nf8+ 1/2-1/2

[Event "Titled Tuesday intern op 06th Feb Late"]
[Site "Chess.com INT"]
[Date "2024.02.06"]
[Round "11"]
[White "Lopusiewicz, Piotr"]
[Black "Goryachkina, Aleksandra"]
[Result "0-1"]
[WhiteElo "2301"]
[BlackElo "2553"]
[PlyCount "180"]
[EventDate "2024.02.06"]
[EventType "swiss (blitz)"]
[EventRounds "11"]
[EventCountry "USA"]
[SourceTitle "CB07_2024"]
[SourceDate "2024.02.14"]
[SourceVersion "1"]
[SourceVersionDate "2024.02.14"]
[SourceQuality "1"]

1. e4 c5 2. Nf3 e6 3. d4 cxd4 4. Nxd4 Nc6 5. Bf4 Bc5 6. Nxc6 bxc6 7. Bd3 Ne7 8. 0-0 Ng6 9. Bd2 0-0 10. Nc3 e5 11. Na4 Be7 12. c4 d6 13. Qf3 Be6 14. Rad1 Qc8 15. b3 Bg4 16. Qg3 Bh4 17. Qe3 Bxd1 18. Rxd1 h6 19. Bb4 c5 20. Be1 Bg5 21. Qf3 Nf4 22. Bf1 Qe6 23. h4 Be7 24. g3 Ng6 25. Kh2 Qf6 26. Qe2 Bd8 27. Bh3 Ne7 28. Qd3 Bc7 29. Nc3 Rad8 30. Nb5 Bb8 31. Nc3 Qg6 32. Qe2 Kh8 33. g4 Qf6 34. h5 Bc7 35. Rd3 g6 36. Nb5 Bb6 37. Rf3 Qg7 38. Rd3 Nc6 39. Bc3 Nd4 40. Nxd4 cxd4 41. Bd2 Rde8 42. Rf3 Bd8 43. Bb4 Be7 44. Rg3 Rd8 45. Qd2 Bg5 46. Qe2 Bf4 47. Kg2 Bxg3 48. fxg3 Qf6 49. Bd2 g5 50. Qd3 Qe6 51. Kh2 Kg7 52. b4 Rc8 53. Bf1 Rc7 54. Kh3 Rfc8 55. Qf3 Rxc4 56. Bd3 Rc3 57. Bxc3 dxc3 58. Bc2 Qxa2 59. Qe2 Qc4 60. Qf2 Qxb4 61. Qf1 Qc4 62. Bd3 Qe6 63. Bc2 a5 64. Qd1 Rc7 65. Bb3 Qe7 66. Bc2 Qf6 67. Bb3 Qf2 68. Qd5 Qf6 69. Qd3 Rc5 70. Bc2 Rc7 71. Qe3 Qe7 72. Bb3 Rc5 73. Qd3 Qc7 74. Bc2 a4 75. Qf3 a3 76. Bb3 a2 77. Bxa2 c2 78. Bb1 cxb1Q 79. Qf2 Qh1+ 80. Qh2 Qxh2+ 81. Kxh2 Rc2+ 82. Kh3 Rc4 83. Kh2 d5 84. Kh3 d4 85. Kg2 d3 86. Kh3 Rxe4 87. Kg2 Rf4 88. Kh3 d2 89. Kg2 d1Q 90. Kh3 Qh1# 0-1

[Event "Titled Tuesday intern op 23rd Jan Late"]
[Site "Chess.com INT"]
[Date "2024.01.23"]
[Round "9"]
[White "Goryachkina, Aleksandra"]
[Black "Banerjee, Supratit"]
[Result "1-0"]
[WhiteElo "2553"]
[BlackElo "1984"]
[PlyCount "93"]
[EventDate "2024.01.23"]
[EventType "swiss (blitz)"]
[EventRounds "11"]
[EventCountry "USA"]
[SourceTitle "CB05_2024"]
[SourceDate "2024.01.31"]
[SourceVersion "1"]
[SourceVersionDate "2024.01.31"]
[SourceQuality "1"]

1. e4 e6 2. d4 d5 3. Nc3 dxe4 4. Nxe4 Nd7 5. g3 Ngf6 6. Nxf6+ Nxf6 7. Bg2 Bd6 8. Ne2 0-0 9. 0-0 c6 10. c4 Re8 11. h3 Bd7 12. Bf4 Bxf4 13. Nxf4 Qc7 14. Nd3 Rad8 15. Qb3 b6 16. Rad1 Bc8 17. Qc3 Bb7 18. c5 Nd5 19. Qa3 b5 20. Ne5 a5 21. Qf3 f6 22. Nd3 b4 23. Rfe1 Ba6 24. Nf4 Nxf4 25. gxf4 Bc4 26. Qxc6 Qxf4 27. d5 Rc8 28. Qa4 Qg5 29. d6 Red8 30. c6 Qc5 31. d7 Rc7 32. Rc1 Kf7 33. Qc2 Rxc6 34. Bxc6 Qg5+ 35. Bg2 Bd5 36. f4 Qg3 37. Qf2 Qg6 38. Rc7 Bxg2 39. Qxg2 Qd3 40. Qe2 Qd4+ 41. Qe3 Qd6 42. Rb7 Qc6 43. Rb6 Qxd7 44. Rxe6 Kf8 45. Qc5+ Kg8 46. Re7 Qxh3 47. Qc4+ 1-0